| 000 | 00815nmc a2200289 a 4500 | ||
|---|---|---|---|
| 003 | AR-BaBNM | ||
| 005 | 20251128203656.0 | ||
| 008 | 156019s1988 ||||||||||||||000 | spa|| | ||
| 020 | _a950-9467-09-X | ||
| 040 | _cAR-BaBNM | ||
| 100 | 1 | _aBraslavsky, Cecilia | |
| 245 | 1 | 0 | _aUltimo año del colegio secundario y discriminación educativa |
| 250 | _a1ª ed. | ||
| 260 |
_aBuenos Aires _bMiño y Dávila _c1988 |
||
| 300 | 0 |
_a72 p. _btablas |
|
| 490 | 0 |
_aCuadernos Flacso _vv. 3 |
|
| 504 | _aBibliografía: p. 69-70 | ||
| 650 | 4 | _aESCUELAS SECUNDARIAS | |
| 650 | 4 | _aPOLITICA EDUCATIVA | |
| 650 | 4 | _aORGANIZACION DE LA EDUCACION | |
| 650 | 4 | _aDIFERENCIACION SOCIAL | |
| 650 | 4 | _aDIFERENCIACION CULTURAL | |
| 653 | 0 | _aEDUCACION SECUNDARIA | |
| 700 | 1 | _aFilmus, Daniel | |
| 942 | _cBK | ||
| 998 | _csilvi | ||
| 999 |
_c4440 _d4440 |
||